Costs of disarmament mortgaging : (Record no. 528838)

000 -LEADER
fixed length control field 01405cam a2200361 a 4500
001 - CONTROL NUMBER
control field 13582562
003 - CONTROL NUMBER IDENTIFIER
control field NUST
005 - DATE AND TIME OF LATEST TRANSACTION
control field 20190913064708.0
008 - FIXED-LENGTH DATA ELEMENTS--GENERAL INFORMATION
fixed length control field 040504s2003 sz b i000 0 eng d
035 ## - SYSTEM CONTROL NUMBER
System control number (OCoLC)ocm53959393
038 ## - RECORD CONTENT LICENSOR
Staff Name MSOHAIL
040 ## - CATALOGING SOURCE
Original cataloging agency UIU
Transcribing agency UIU
Modifying agency NTE
-- MUQ
-- OCLCQ
-- DLC
042 ## - AUTHENTICATION CODE
Authentication code lccopycat
043 ## - GEOGRAPHIC AREA CODE
Geographic area code n-us---
-- e-ur-ru
050 00 - LIBRARY OF CONGRESS CALL NUMBER
Classification number HC110.D4
Item number W55 2003
082 00 - DEWEY DECIMAL CLASSIFICATION NUMBER
Classification number 327.17470947
Edition number 22
Author Mark WILL
100 1# - MAIN ENTRY--PERSONAL NAME
Personal name Willett, Susan.
9 (RLIN) 20608
245 10 - TITLE STATEMENT
Title Costs of disarmament mortgaging :
Statement of responsibility, etc. Susan Willett.
260 ## - PUBLICATION, DISTRIBUTION, ETC.
Place of publication, distribution, etc. USA
Name of publisher, distributor, etc. United Nations Institute for Disarmament Research,
Date of publication, distribution, etc. 2003.
300 ## - PHYSICAL DESCRIPTION
Extent xviii, 103 p. ;
Dimensions 21 cm.
500 ## - GENERAL NOTE
General note "UNIDIR/2003/25"--T.p. verso.
500 ## - GENERAL NOTE
General note "Sales No. GV. E.03.0.25"--T.p. verso.
504 ## - BIBLIOGRAPHY, ETC. NOTE
Bibliography, etc. note Includes bibliographical references (p. 111-127).
650 #0 - SUBJECT ADDED ENTRY--TOPICAL TERM
Topical term or geographic name entry element Economic conversion
Geographic subdivision United States.
9 (RLIN) 20609
650 #0 - SUBJECT ADDED ENTRY--TOPICAL TERM
Topical term or geographic name entry element Economic conversion
Geographic subdivision Russia (Federation)
9 (RLIN) 20610
650 #0 - SUBJECT ADDED ENTRY--TOPICAL TERM
Topical term or geographic name entry element Nuclear disarmament
Geographic subdivision United States.
9 (RLIN) 20611
650 #0 - SUBJECT ADDED ENTRY--TOPICAL TERM
Topical term or geographic name entry element Nuclear disarmament
Geographic subdivision Russia (Federation)
9 (RLIN) 20612
710 2# - ADDED ENTRY--CORPORATE NAME
Corporate name or jurisdiction name as entry element United Nations Institute for Disarmament Research.
9 (RLIN) 20613
906 ## - LOCAL DATA ELEMENT F, LDF (RLIN)
a 7
b cbc
c copycat
d 3
e ncip
f 20
g y-gencatlg
942 ## - ADDED ENTRY ELEMENTS (KOHA)
Source of classification or shelving scheme
Koha item type Book
Holdings
Withdrawn status Lost status Source of classification or shelving scheme Damaged status Not for loan Permanent Location Current Location Date acquired Total Checkouts Full call number Barcode Date last seen Price effective from Koha item type
          School of Civil and Environmental Engineering (SCEE) School of Civil and Environmental Engineering (SCEE) 09/13/2019   327.17470947 WILL NIT-10524 09/13/2019 09/13/2019 Book
© 2023 Central Library, National University of Sciences and Technology. All Rights Reserved.